Регионална библиотека "Любен Каравелов" - Русе

The unofficial Bible for minecrafters (Запис номер 497570)

MARC детайли
000 -Лидер
Контролно поле с фиксирана дължина 00883nam a2200277 a 4500
003 - Код на организацията, давaща контролен номер
Контролно поле BLK
005 - Дата и час на последна редакция
Контролно поле 20250709103755.0
008 - Елементи от данни с фиксирана дължина
fixed length control field 180919b bul||||| |||| 00| 0 bul d
020 ## - Международен стандартен номер на книга ISBN
Международен стандартен номер на книга ISBN 9780745968278
040 ## - Източник на каталожния запис
Идентификатор на билиотеката - собственик на записа BLK
041 ## - Код за език
Код за езика на текст/звукозапис или на отделно заглавие Английски
Код за езика КДБФ Английски
080 ## - УДК
Текстов определител УДК Американска литература (на САЩ)
УДК код - определител по УДК 821.111(73)
УДК - код + определител 821.111(73)-93-97
100 ## - Редна дума - Автор
Автор Miko, Christopher
Авторска отговорност първи автор
R(LIN) 489632
139 ## - Редно поле
Авторски знак Mik - M 68
245 ## - Сведения за заглавието
Заглавие The unofficial Bible for minecrafters
Подзаглавни данни stories from the bible told block by block
Редно поле (дума) Christopher Miko
260 ## - Област на издателските данни
Година на издаване 2015
9 (RLIN) 211469
Място на издаване, разпространение и проч. Oxford
Име на издателя, разпространителя и проч. Lion
Издателство - префикс ISBN 0-7459-
300 ## - Физическа характеристика
Страници 288 с.
Размери/Мащаб 26 см
380 ## - Жанр
Жанр Детска худож. лит.
700 ## - Други автори (авторска отговорност)
Лично име Romines, Garrett
9 (RLIN) 489633
942 ## - АРТИКУЛИ
Вид на библиотечния материал Книги
Източник на класификационната схема Universal Decimal Classification
Скрит в OPAC Не
Периодичен библиозапис Да
Koha issues (borrowed), all copies 32
944 ## - СЪЗДАВАНЕ И РЕДАКЦИЯ на ЗАПИСА
Дата на регистрацията/редакция Нора Радева
Служител, извършил регистрацията/редакцията 30537
Статус, дата на статуса Грета Цуфелде
999 ## - СИСТЕМНИ КОНТРОЛНИ НОМЕРА
Koha biblionumber 497570
Koha biblioitemnumber 497570
999 ## - СИСТЕМНИ КОНТРОЛНИ НОМЕРА
Koha biblioitemnumber 497570
999 ## - СИСТЕМНИ КОНТРОЛНИ НОМЕРА
Koha biblioitemnumber 324531
999 ## - СИСТЕМНИ КОНТРОЛНИ НОМЕРА
Koha biblioitemnumber 324531
999 ## - СИСТЕМНИ КОНТРОЛНИ НОМЕРА
Koha biblioitemnumber 324531
Наличности
Код за отписване Код за изгубен артикул Източник на класификационната схема Код за повреда Код за отдаване Артикулен № Име на библиотеката - собственик Име на библиотеката, в която се намира в момента Статус (Текущо местоположение) Дата на вписване в системата Местоположение - отдел Цена в лева Инвентарен номер Систематично азбучна сигнатура Баркод Цена в евро Служебен тип на артикула
  Не е изгубен Universal Decimal Classification Не е повреден заемане за дома 936250 Регионална библиотека "Любен Каравелов" Русе Регионална библиотека "Любен Каравелов" Русе Детски отдел 2023-11-07 Детски отдел 12.99 120000895316 821-93/М 68 С 120000895316 6.64 Книги
Vip Innovations Ltd, Rousse, Bulgaria 2025